les animaux de la savane - Statistiques

Statistiques générales
  • Ce quiz a été pris 514 fois
  • Le résultat moyen est 7 sur 15
Statistiques - réponses
Hint Réponse % Correct
l lion
96%
z zèbre
87%
e éléphant
84%
g girafe
81%
h hippopotame
71%
a antilope
64%
r rhinocéros
64%
b babouin
44%
b buffle
42%
p phacochère
26%
i impala
19%
f fennec
16%
c chacal
14%
d dromadaire
13%
m mangouste
11%
Aucun quiz correspondant
Distribution des résultats
% des personnes avec chaque résultat
Percentile par nombre de réponses
Votre historique - résultats
Vous n’avez pas pris ce quiz